| 000 | 01206cam a22003374a 4500 | ||
|---|---|---|---|
| 001 | 12905983 | ||
| 003 | Nust | ||
| 005 | 20231124161247.0 | ||
| 008 | 010622s2002 enka e b 001 0 eng | ||
| 010 | _a 2002405953 | ||
| 020 | _a9781853262357 | ||
| 035 | _a(UkLWHE)b000118052 | ||
| 040 |
_aDLC _cDLC _dDLC |
||
| 042 | _apcc | ||
| 043 | _ae-uk-en | ||
| 050 | 0 | 0 |
_aPR2839 _b.T38 2002 |
| 082 | 0 | 0 |
_a822.33 _bSHA |
| 100 | 1 |
_aWilliam Shakespeare _9118640 |
|
| 245 | 1 | 4 |
_aThe winter's tale / _cWilliam Shakespeare, |
| 260 |
_aHertfordshire: _bWordsworth Classics; _c2004. |
||
| 300 |
_a153p. _c20 cm. |
||
| 440 | 0 |
_aWordsworth Classics _9118641 |
|
| 500 | _a"Published in association with the Shakespeare Birthplace Trust"--T.p. verso. | ||
| 504 | _aIncludes bibliographical references (p. 232-234) and index. | ||
| 600 | 1 | 0 |
_aShakespeare, William, _d1564-1616. _tWinter's tale. _9118642 |
| 600 | 1 | 0 |
_aShakespeare, William, _d1564-1616 _xStage history _zEngland _zStratford-upon-Avon. _9118643 |
| 710 | 2 |
_aShakespeare Birthplace Trust. _9118644 |
|
| 906 |
_a7 _bcbc _corigres _d3 _encip _f20 _gy-gencatlg |
||
| 942 |
_2ddc _cBK |
||
| 999 |
_c328515 _d328515 |
||